00883nam a22001937a 4500003000900000008004100009040007100050082002600121100002500147245002500172260012200197300004600319440013200365505009700497650001600594650002600610650002800636650002500664AR-CdUCM190429b ||||| |||| 00| 0 spa d aMUNICIPALIDAD PROVINCIAL DEL CUSCOcBIBLIOTECA MUNICIPAL DEL CUSCO a985.614 /bM26 / 1962 aMartínez, Héctor aLa hacienda Capana / aLima :bMinisterio de Trabajo y Asuntos Indígena, Plan Nacional de Integración de la Población Aborigen,c1962. a45 páginas ;bcuadros, mapas,c27.5 cm. aSerie monográfica / Ministerio de Trabajo y Asuntos Indígena. Plan Nacional de Integración de la Población Aborigen.n2 aContenido: La hacienda. Las estancias. Posibilidades para el establecimiento de un programa. aAgricultura aAspectos económicos aHacienda Capana (Cusco) aColonias agrícolas